LEADER 01187nam--2200409---450- 001 990000879160203316 010 $a88-7750-026-3 035 $a0087916 035 $aUSA010087916 035 $a(ALEPH)000087916USA01 035 $a0087916 100 $a20020116d1991----km-y0itay0103----ba 101 $aita 102 $aIT 105 $a||||||||001yy 200 1 $aConoscere i nostri alimenti$fAngelo Sampaolo, Angelo Stacchini, Ivano Camoni$gpresentazione di G.B. Marini Bettolo 210 $aTorino$cUTET libreria$d1991 215 $a331 p.$d21 cm 410 $12001 461 1$1001-------$12001 606 0 $aAlimentazione 606 0 $aDietetica 676 $a641.1 700 1$aSAMPAOLO,$bAngelo$069060 701 1$aSTACCHINI,$bAngelo$0542801 701 1$aCAMONI,$bIvano$0355923 701 01$aMARINI BETTOLO,$bG.B.$0551447 801 0$aIT$bsalbc$gISBD 912 $a990000879160203316 951 $aIRA 34 38$b73631 EC$cIRA 959 $aBK 969 $aECO 979 $aPATTY$b90$c20020116$lUSA01$h1527 979 $c20020403$lUSA01$h1732 979 $aPATRY$b90$c20040406$lUSA01$h1701 996 $aConoscere i nostri alimenti$9969761 997 $aUNISA LEADER 01417nam--2200421---450- 001 990000537020203316 005 20060412110457.0 010 $a88-7689-065-3 011 $a0391-9293 035 $a0053702 035 $aUSA010053702 035 $a(ALEPH)000053702USA01 035 $a0053702 100 $a20010702d1991----km-y0itay0103----ba 101 $aita 102 $aIT 105 $a||||||||001yy 200 1 $aEllenismo e romanizzazione nella 10. regio$ela scultura delle élites locali dall'età repubblicana ai Giulio-Claudi$fMario Denti 210 $aRoma$cG. Bretschneider$d1991 215 $a377 p., 1 c. di tav., 100 p. di tav.$cill.$d30 cm 225 2 $aArcheologica$v97 410 $12001$aArcheologica$v97 461 1$1001-------$12001 606 0 $aScultura romana$yVeneto$xInflussi ellenistici$zSec. 2. a.C.-1. 606 0 $aScultura romana$yIstria$xInflussi ellenistici$zSec. 2. a.C.-1. 676 $a733.509373 700 1$aDENTI,$bMario$031343 801 0$aIT$bsalbc$gISBD 912 $a990000537020203316 951 $aXI.5. Coll.15/ 64(X B COLL. 42/97)$b105794 LM$cX B COLL. 959 $aBK 969 $aUMA 979 $aPATTY$b90$c20010702$lUSA01$h1441 979 $c20020403$lUSA01$h1703 979 $aPATRY$b90$c20040406$lUSA01$h1637 979 $aCOPAT6$b90$c20060412$lUSA01$h1104 996 $aEllenismo e romanizzazione nella 10. Regio$9488325 997 $aUNISA